FIFA WorldCup-Final-Results - Statistics

General Stats
  • This quiz has been taken 199 times
  • The average score is 6 of 12
Answer Stats
Hint Answer % Correct
1990 - Germany:Argentina
2010 - Spain:Netherlands
2014 - Germany:Argentina
1:0
81%
2002 - Brasil:Germany 2:0
67%
1934 - Italy:Czechoslovakia
1950 - Uruguay:Brasil
1974 - Germany:Netherlands
2:1
65%
1930 - Uruguay:Argentina
1938 - Italy:Hungary
1966 - England:Germany
2018 - France:Croatia
4:2
62%
1954 - Germany:Hungary
1982 - Italy:Germany
1986 - Argentina:Germany
3:2
57%
1998 - France:Brasil 3:0
53%
1958 - Brasil:Sweden 5:2
44%
2006 - Italy:France 5:3 in penalty
42%
1962 - Brasil:Czechoslovakia
1978 - Argentina:Netherlands
3:1
33%
2022 - Argentina:France 4:2 in penalty
33%
1970 - Brasil:Italy 4:1
27%
1994 - Brasil:Italy 3:2 in penalty
18%
No matching quizzes found
Score Distribution
Percent of People with Each Score
Percentile by Number Answered
Your Score History
You have not taken this quiz